Normal view
MARC view
Entry Topical Term
001 - CONTROL NUMBER
- control field: 17022
003 - CONTROL NUMBER IDENTIFIER
- control field: BD-DhEWU
005 - DATE AND TIME OF LATEST TRANSACTION
- control field: 20140806212250.0
008 - FIXED-LENGTH DATA ELEMENTS
- fixed length control field: 140806|| aca||aabn | a|a d
040 ## - CATALOGING SOURCE
- Original cataloging agency: BD-DhEWU
- Transcribing agency: BD-DhEWU
150 ## - HEADING--TOPICAL TERM
- Topical term or geographic name as entry element: Liability insurance claims
- Geographic subdivision: United States.
670 ## - SOURCE DATA FOUND
- Source citation: Work cat.: (BD-DhEWU)6083: Prahl, Robert J. 17021, Liability claim concepts and practices /, 1985.